00269nam a2200097Ia 4500008004100000082001200041100001800053245008500071260000600156300000900162190415s9999 xx 000 0 und d aRR.0022 aRajaraman, I. 0aOn the socio-economic conditions of women : The National Sample Survey and Labou c0 a59p.